000 00344nam a2200145Ia 4500
008 240729s9999 xx 000 0 und d
022 _a2075-1729
245 0 _aLife
260 _aSwitzerland
260 _bMDPI AG
650 _aScience
856 _uhttps://doaj.org/toc/411d86cbbac149b6882e5fa29b4f52c1
942 _2ddc
942 _cDOAJEJ
999 _c74117
_d74117
945 _a1
_bMadushi Gamage
_c1
_dMadushi Gamage